MDQL
is popping MORE tags! Check the
thread
!
Quizzes
Events
Quiz Creation
Community
Videos
Private Events
Remove Ads
Sign In
Join for FREE
Feedback
Dark Mode
Quiz Categories
Sports
Geography
Music
Movies
Television
Just For Fun
Miscellaneous
History
Literature
Language
Science
Gaming
Entertainment
Religion
Holiday
For Kids
Quiz Lab
Recent
Popular Today
Quiz Kudos Today
Editor Picks
Curator Picks
Quizzes by...
Day
Popularity
Type
Ratings
Length
Year
Community
Subscriptions
Recent Discussions
Orange Saloon
Badges
Playlists
Quests
Create
Leaderboards
Showdown
Live 5
Trivia Bingo
Activity
Puzzle Library
Sporcle Events
Private Events
Virtual Trivia
Globe League
Become a Host
Pub Owners
SporcleCon
Opinionation
Our Games
Videos
Blog
Mobile Apps
Partnerships
Remove Ads and Go Orange
Feedback
Sports
Athletes
MLB
NBA
NHL
NFL
Soccer
Sports Teams
WWE
NCAA
Football
Premier League
Basketball
Baseball
Hockey
Golf
Tennis
Cricket
Rugby
Auto Racing
Olympics
World Cup
Sports
Athletes
MLB
NBA
NHL
NFL
Soccer
Sports Teams
WWE
NCAA
Football
Premier League
Basketball
Baseball
Hockey
Golf
Tennis
Cricket
Rugby
Auto Racing
Olympics
World Cup
Random Quiz
Search Sporcle
×
Quiz Lab
Quiz Lab
Sports
NHL
Type in answers that appear in a list
Type in answers that appear in a list
Classic
Best Score? Go Orange.
Most Points by Player Traded Mid-Season Stats
Can you name the Most NHL Points by a Player Traded Mid-Season?
By
juwannaman
8m
30 Questions
450 Plays
450 Plays
450 Plays
Comments
Comments
Give Quiz Kudos
Give Quiz Kudos
-
- Ratings
hide this ad
More Info
Replay
Link that replays current quiz
Next Quiz
Link to next quiz in quiz playlist
You Got
0%
They Got
Avg Score
61%
Avg Friend Score
Upgrade to see
Score Distribution
Jump to the score distribution portion of the page
Score
0/30
Timer
08:00
0
Plays Today
Teams and Year
Player
% Correct
BOS /
SJ (2005-
06)
Joe Thornton
98.7%
LA /
STL (1995-
96)
Wayne Gretzky
90.2%
WPG /
ANA (1995-
96)
Teemu Selanne
89.8%
HAR /
PIT (1990-
91)
Ron Francis
83.1%
ATL /
NJ (2009-
10)
Ilya Kovalchuk
79.8%
CGY /
TOR (1991-
92)
Doug Gilmour
74.9%
TOR /
NJ (1996-
97)
Doug Gilmour
74.9%
HAR /
DET (1996-
97)
Brendan Shanahan
74%
PIT /
PHI (1991-
92)
Mark Recchi
71.3%
BOS /
NYR (1975-
76)
Phil Esposito
70.9%
STL /
BOS (1991-
92)
Adam Oates
70.4%
BUF /
NYI (1991-
92)
Pierre Turgeon
69.6%
MTL /
STL (1996-
97)
Pierre Turgeon
69.6%
BUF /
TOR (1992-
93)
Dave Andreychuk
65.6%
CGY /
COL (1998-
99)
Theoren Fleury
64.7%
Teams and Year
Player
% Correct
LA /
DET (1992-
93)
Paul Coffey
63.1%
LA /
NYR (1989-
90)
Bernie Nicholls
61.1%
EDM /
BOS (2000-
01)
Bill Guerin
54.4%
PIT /
HAR (1990-
91)
John Cullen
52.2%
NYR /
BOS (1975-
76)
Jean Ratelle
51.6%
MIN /
NYR (1989-
90)
Mike Gartner
51.1%
LA /
NYR (1986-
87)
Marcel Dionne
50.7%
PIT /
EDM (1987-
88)
Craig Simpson
49.8%
BOS /
STL (1991-
92)
Craig Janney
46.9%
SJ /
WPG (1995-
96)
Craig Janney
46.9%
COL /
CGY (1981-
82)
Lanny McDonald
46.9%
STL /
CGY (1985-
86)
Joe Mullen
43.3%
BOS /
WSH (1993-
94)
Joe Juneau
40.2%
MIN /
WSH (1978-
79)
Dennis Maruk
35.1%
PHI /
CGY (1981-
82)
Mel Bridgman
8.9%
Quiz Playlist
Details
Report
Send in Message
Add To Playlist
More Info:
Name the single season points leaders by an NHL player traded during the season.
Classic:
Type in answers that appear in a list
Quiz Source
Last Updated: Feb 16, 2017
Quiz Scoreboard
CHALLENGE
Sign Up to Join the Scoreboard
Show All
Scores
Hide
Comments
May contain spoilers
Recently Published
5x2 Blitz: Bands
by SL_Kpop136
Music
30s
Colored Red Africa Blitz
by spor1
Geography
30s
Find the 'City' Movie
by crazypaving
Movies
60s
More to Explore
Quiz From the Vault
Featured Blog Post
14 Easter Pick-up Lines to Find Eggs With
hide this ad
You Might Also Like...
Tags
NHL Quiz
Player
Point Scorers
Points Leaders
season
trade
Traded
Today's Top Quizzes in Sports
Browse Sports
hide this ad
Today's Top Quizzes in NHL
Browse NHL
Top Contributed Quizzes in Sports
1
Players with Multiple 50 Home Run Seasons
2
Who Needs Fielders?
3
Criteria MLB: Left Handed Sluggers
4
MLB Players with Two .350 Batting Average Seasons
5
Who Hit More Homers?
6
2020 F1 Drivers Logic Puzzle
7
NBA Teammate Connections
8
Premier League Clubs since 2000 (minefield)
9
MLB Teams by First Game
10
Top 10 NHL Goal Scorers of All Time
Explore More
Trending Topics
Marvel
Kpop
Crossword
Anime
Disney
NBA
Harry Potter
WWE
Puzzle
Soccer
Pokémon
NFL
Song
Country
The Office
hide this ad
More By:
juwannaman
Quiz
Plays
Rating
Category
Featured
Created
NHL Goalie Wins Post-Lockout
5,986
4.36
Sports
May 24, 2010
Stanley Cup Champion Point/Win Leaders
1,040
4.36
Sports
May 30, 2010
NHL Single Season Point Leaders - Age 35+
454
4.50
Sports
Jan 30, 2011
Most Points by Player Traded Mid-Season
450
4.36
Sports
Feb 26, 2011
Canadian Olympic Hockey Players (Clickable)
356
3.67
Sports
May 30, 2012
Go to Creator's Profile
Score Distribution
Quiz Creator Spotlight
juwannaman
Follow
Send a Message
Quizzes Created
-
Created Quiz Play Count
-
More By This Creator
Popular Quizzes Today
1
Find the 'City' Movie
2
5x2 Blitz: Bands
3
Colored Red Africa Blitz
4
The Countries of the World
5
Find the US States - No Outlines Minefield
6
Find the US States
7
9x9 Crossword: Cartoon Network
8
US States
More Sports Quizzes
Nickname Match: WWE II
Quiz Lab
Trending Quizzes
Colored Red Africa Blitz II
Colored Red Europe Blitz I
Colored Red Africa Blitz III
Colored Red Europe Blitz II
Colored Red Europe Blitz III
Recently Updated
Champions League XIs: Real Madrid
pecheneg
Largest US Cities 1790-2010
pecheneg
Rides in Walt Disney World
pecheneg
Most Oscar Losses (Acting)
pecheneg
Beyoncé Albums
pecheneg
Leaping Animals
pecheneg
Reality TV Shows (A-Z)
bhenderson79
Rickey Henderson's Hall of Fame Teammates
pecheneg
Champions League XIs: Arsenal
pecheneg
Quick Pick: Celebrities in WWE's Hall of Fame
aduchscher
Trending Topics
Harry Potter
NBA
Kpop
Marvel
Disney
Anime
Crossword
Soccer
WWE
Country
Puzzle
Song
Pokémon
NFL
The Office
Your Account Isn't Verified!
In order to create a playlist on Sporcle, you need to verify the email address you used during registration. Go to your
Sporcle Settings
to finish the process.
Report this User
Report this user for behavior that violates our
Community Guidelines
.
Details:
Send Report
Go to the Sporcle.com Mobile Site →
Comments